Venezuela: ¿un nuevo sistema de partidos? las elecciones de 1993 /
Guardado en:
| Autor principal: | |
|---|---|
| Otros Autores: | |
| Formato: | Texto |
| Etiquetas: |
Agregar Etiqueta
Sin Etiquetas, Sea el primero en etiquetar este registro!
|
MARC
| LEADER | 00000 a a2200000 04500 | ||
|---|---|---|---|
| 001 | 47051 | ||
| 003 | |||
| 040 | |||
| 100 | |a Molina Vega, José E. | ||
| 245 | |a Venezuela: |b ¿un nuevo sistema de partidos? las elecciones de 1993 / |c José E. Molina Vega, Carmen Pérez Baralt | ||
| 700 | |a Pérez Baralt, Carmen | ||
| 773 | |g número13, (1994), páginas 63-69 : tablas, gráfico | ||
| 999 | |c 33953 |d 33953 | ||
